000 00261nam a2200097Ia 4500
005 20251222114407.0
008 251222s1900||||xx |||||||||||||| ||spa||
082 _aDVD0150/R53/2007
245 0 _aPadre Pro, father Miguel Agustin Pro martyr of the lord:
942 _cDVD
999 _c1898
_d1898